<?xml version="1.0" encoding="UTF-8"?>
<record
    xmlns:xsi="http://www.w3.org/2001/XMLSchema-instance"
    xsi:schemaLocation="http://www.loc.gov/MARC21/slim http://www.loc.gov/standards/marcxml/schema/MARC21slim.xsd"
    xmlns="http://www.loc.gov/MARC21/slim">

  <leader>04128nam a2200337   4500</leader>
  <controlfield tag="003">OSt</controlfield>
  <controlfield tag="005">20260515102809.0</controlfield>
  <controlfield tag="008">260515b        |||||||| |||| 00| 0 aze d</controlfield>
  <datafield tag="040" ind1=" " ind2=" ">
    <subfield code="a">AZ-XaKU</subfield>
    <subfield code="b">aze</subfield>
    <subfield code="c">AZ-XaKU</subfield>
  </datafield>
  <datafield tag="041" ind1=" " ind2=" ">
    <subfield code="a">aze</subfield>
  </datafield>
  <datafield tag="050" ind1="1" ind2="4">
    <subfield code="a">HC79 .Ln898 2017</subfield>
  </datafield>
  <datafield tag="100" ind1="1" ind2=" ">
    <subfield code="a">&#x130;brahimov, &#x130;slam,</subfield>
    <subfield code="e">m&#xFC;&#x259;llif.</subfield>
  </datafield>
  <datafield tag="245" ind1="1" ind2=" ">
    <subfield code="a">S&#x259;nayed&#x259; investisiya v&#x259; innovasiya f&#x259;alliy&#x259;ti</subfield>
    <subfield code="c">/ &#x130;slam &#x130;brahimov, K&#x259;rim K&#x259;rimov ; elmi redaktor  B&#x259;yal&#x131; Ata&#x15F;ov, ; r&#x259;y&#xE7;il&#x259;r  Q&#x259;nim&#x259;t S&#x259;f&#x259;rov, Arif H&#xFC;seynov</subfield>
  </datafield>
  <datafield tag="264" ind1=" " ind2=" ">
    <subfield code="a">Bak&#x131;:</subfield>
    <subfield code="b">Bak&#x131; Biznes Universiteti,</subfield>
    <subfield code="c">2017.</subfield>
  </datafield>
  <datafield tag="300" ind1=" " ind2=" ">
    <subfield code="a">254 s&#x259;hif&#x259; ;</subfield>
    <subfield code="c">21,5 sm.</subfield>
  </datafield>
  <datafield tag="336" ind1=" " ind2=" ">
    <subfield code="a">text</subfield>
    <subfield code="b">txt</subfield>
    <subfield code="2">rdacontent</subfield>
  </datafield>
  <datafield tag="337" ind1=" " ind2=" ">
    <subfield code="a">unmediated</subfield>
    <subfield code="b">n</subfield>
    <subfield code="2">rdamedia</subfield>
  </datafield>
  <datafield tag="338" ind1=" " ind2=" ">
    <subfield code="a">volume </subfield>
    <subfield code="b">nc</subfield>
    <subfield code="2">rdacarrier</subfield>
  </datafield>
  <datafield tag="504" ind1=" " ind2=" ">
    <subfield code="a">&#x130;stifad&#x259; olunmu&#x15F; &#x259;d&#x259;biyyat siyah&#x131;s&#x131;: s. 248-249</subfield>
  </datafield>
  <datafield tag="505" ind1="0" ind2=" ">
    <subfield code="a">Giri&#x15F; -- M&#xF6;vzu 1. &#x130;nvestisiya qoyulu&#x15F;unun mahiyy&#x259;ti v&#x259; formalar&#x131; -- M&#xF6;vzu 2. &#x130;nvestisiya f&#x259;aliyy&#x259;ti v&#x259; siyas&#x259;ti -- M&#xF6;vzu 3. &#x130;nvestisiyan&#x131;n t&#x259;snifl&#x259;&#x15F;dirilm&#x259;si. &#x130;nvestisiya layih&#x259;l&#x259;rinin mahiyy&#x259;ti, v&#x259;zif&#x259;l&#x259;ri v&#x259; iqtisadi sah&#x259;l&#x259;rin inki&#x15F;af&#x131;nda rolu -- M&#xF6;vzu 4. &#x130;nvestisiyan&#x131;n iqtisadi inki&#x15F;afda rolu -- M&#xF6;vzu 5. &#x130;nvestisiya layih&#x259;sinin haz&#x131;rlanmas&#x131; v&#x259; realla&#x15F;d&#x131;r&#x131;lmas&#x131; m&#x259;rh&#x259;l&#x259;l&#x259;ri -- M&#xF6;vzu 6. &#x130;nvestisiya layih&#x259;l&#x259;rinin maliyy&#x259;l&#x259;&#x15F;dirilm&#x259;si m&#x259;nb&#x259;l&#x259;ri -- M&#xF6;vzu 7. &#x130;nvestisiya qoyulu&#x15F;lar&#x131;n&#x131;n s&#x259;m&#x259;r&#x259;liliyinin qiym&#x259;tl&#x259;ndirilm&#x259;sind&#x259; zaman, qeyri-m&#xFC;&#x259;yy&#x259;nlik v&#x259; risk amill&#x259;rinin n&#x259;z&#x259;r&#x259; al&#x131;nmas&#x131; z&#x259;ruriliyi -- M&#xF6;vzu 8. &#x130;nvestisiya qoyulu&#x15F;lar&#x131;n&#x131;n h&#x259;cm v&#x259; strukturuna t&#x259;sir ed&#x259;n amill&#x259;r -- M&#xF6;vzu 9. &#x130;nvestisiya layih&#x259;l&#x259;rinin s&#x259;m&#x259;r&#x259;liliyinin statik v&#x259; pul ax&#x131;nlar&#x131;n&#x131;n diskontla&#x15F;d&#x131;r&#x131;lmas&#x131;na &#x259;saslanan metodlar&#x131; -- M&#xF6;vzu 10. &#x130;nvestisiya layih&#x259;l&#x259;rinin iqtisadi s&#x259;m&#x259;r&#x259;liliyinin qiym&#x259;tl&#x259;ndirilm&#x259;sind&#x259; g&#x259;lir-x&#x259;rc t&#x259;hlili v&#x259; x&#x259;rcl&#x259;rin s&#x259;m&#x259;r&#x259;liliyi metodlar&#x131; v&#x259; onlar&#x131;n t&#x259;tbiq istiqam&#x259;tl&#x259;ri -- M&#xF6;vzu 11. &#x130;nvestisiya layih&#x259;l&#x259;rinin strateji m&#x259;qs&#x259;dl&#x259;rinin formala&#x15F;d&#x131;r&#x131;lmas&#x131; -- M&#xF6;vzu 12. Kapital qoyulu&#x15F;unun t&#x259;rkibi v&#x259; strukturu -- M&#xF6;vzu 13. M&#xFC;&#x259;ssis&#x259;nin innovasiya f&#x259;aliyy&#x259;tinin mahiyy&#x259;ti v&#x259; n&#xF6;vl&#x259;ri -- M&#xF6;vzu 14. &#x130;ntellektual m&#xFC;lkiyy&#x259;tin mahiyy&#x259;ti v&#x259; t&#x259;rkibi -- M&#xF6;vzu 15. Elektronika v&#x259; komp&#xFC;ter texnikas&#x131; &#x259;sas&#x131;nda istehsal&#x131;n idar&#x259;etm&#x259; prosesl&#x259;rinin kompleks t&#x259;nziml&#x259;nm&#x259;si</subfield>
  </datafield>
  <datafield tag="520" ind1=" " ind2=" ">
    <subfield code="a">D&#x259;rs v&#x259;saitind&#x259; s&#x259;nayed&#x259; investisiya v&#x259; innovasiya f&#x259;aliyy&#x259;tind&#x259; investisiya qoyulu&#x15F;unun mahiyy&#x259;ti v&#x259; formalar&#x131;, onlar&#x131;n t&#x259;snifl&#x259;&#x15F;dirilm&#x259;si, &#xF6;lk&#x259; iqtisadiyyat&#x131;n&#x131;n iqtisadi inki&#x15F;afda rolu, investisiya layih&#x259;l&#x259;rinin haz&#x131;rlanmas&#x131;, realla&#x15F;d&#x131;r&#x131;lmas&#x131;, maliyy&#x259;l&#x259;&#x15F;dirilm&#x259;si, investisiya qoyulu&#x15F;lar&#x131;n&#x131;n h&#x259;cmi v&#x259; strukturuna t&#x259;sir ed&#x259;n amill&#x259;r, kapital qoyulu&#x15F;u, onun t&#x259;rkibi v&#x259; dig&#x259;r m&#x259;s&#x259;l&#x259;l&#x259;r m&#x259;ntiqi izah olunmu&#x15F;dur. T&#x259;qdim olunan kitabda investisiyan&#x131;n f&#x259;aliyy&#x259;tind&#x259; layih&#x259;l&#x259;rin i&#x15F;l&#x259;nm&#x259;si, t&#x259;&#x15F;kili, idar&#x259; olunmas&#x131;, hesablanmas&#x131; metodlar&#x131;, s&#x259;m&#x259;r&#x259;liliyini qiym&#x259;tl&#x259;ndirm&#x259;k v&#x259; investisiyan&#x131;n t&#x259;tbiq sah&#x259;l&#x259;rini m&#xFC;&#x259;yy&#x259;nl&#x259;&#x15F;dirm&#x259;k, &#x259;sas istehsal sah&#x259;l&#x259;rinin m&#xFC;asir durumu, xarici investisiyalar&#x131;n &#x259;sas istehsal sah&#x259;l&#x259;rin&#x259; c&#x259;lb olunmas&#x131;n&#x131;n &#x259;h&#x259;miyy&#x259;ti, iqtisadi inki&#x15F;af&#x131;n t&#x259;nziml&#x259;nm&#x259;si v&#x259; m&#xF6;hk&#x259;ml&#x259;nm&#x259;sind&#x259; innovasiya f&#x259;aliyy&#x259;tinin rolu, m&#xFC;asir elektronika v&#x259; komp&#xFC;ter sisteml&#x259;rinin n&#x259;z&#x259;ri aspektl&#x259;ri, s&#x259;nayenin idar&#x259; edilm&#x259;sind&#x259; elektronika v&#x259; komp&#xFC;ter sisteml&#x259;rinin t&#x259;tbiqi prinsipl&#x259;ri ard&#x131;c&#x131;ll&#x131;qla verilmi&#x15F;dir.
D&#x259;rs v&#x259;saiti universitetin &#x201C;S&#x259;nayed&#x259; investisiya v&#x259; innovasiya f&#x259;aliyy&#x259;ti&#x201D; f&#x259;nni &#xFC;zr&#x259; t&#x259;dris proqram&#x131;na uy&#x11F;un t&#x259;rtib edilmi&#x15F;dir.</subfield>
  </datafield>
  <datafield tag="521" ind1=" " ind2=" ">
    <subfield code="a">Kitabdan iqtisad y&#xF6;n&#xFC;ml&#xFC; universitetl&#x259;rin professor-m&#xFC;&#x259;llim hey&#x259;ti, magistrant, doktorant, t&#x259;l&#x259;b&#x259; v&#x259; elmi-t&#x259;dqiqat m&#xFC;&#x259;ssis&#x259;l&#x259;rinin &#x259;m&#x259;kda&#x15F;lar&#x131; b&#x259;hr&#x259;l&#x259;n&#x259; bil&#x259;r.</subfield>
  </datafield>
  <datafield tag="650" ind1=" " ind2="7">
    <subfield code="a">&#x130;qtisadiyyat</subfield>
    <subfield code="2">AZ-XaKU</subfield>
  </datafield>
  <datafield tag="655" ind1=" " ind2=" ">
    <subfield code="2">AZ-XaKU</subfield>
    <subfield code="a">D&#x259;rslik</subfield>
  </datafield>
  <datafield tag="700" ind1="1" ind2=" ">
    <subfield code="a">K&#x259;rimov, K.S,</subfield>
    <subfield code="q">m&#xFC;&#x259;llif.</subfield>
  </datafield>
  <datafield tag="700" ind1="1" ind2=" ">
    <subfield code="a">Ata&#x15F;ov, B&#x259;yal&#x131;,</subfield>
    <subfield code="q">elmi redaktor.</subfield>
  </datafield>
  <datafield tag="700" ind1="1" ind2=" ">
    <subfield code="a">S&#x259;f&#x259;rov, Q&#x259;nim&#x259;t,</subfield>
    <subfield code="q">r&#x259;y&#xE7;i.</subfield>
  </datafield>
  <datafield tag="700" ind1="1" ind2=" ">
    <subfield code="a">H&#xFC;seynov, Arif,</subfield>
    <subfield code="q">r&#x259;y&#xE7;i.</subfield>
  </datafield>
  <datafield tag="942" ind1=" " ind2=" ">
    <subfield code="c">BOOK</subfield>
  </datafield>
  <datafield tag="999" ind1=" " ind2=" ">
    <subfield code="c">492</subfield>
    <subfield code="d">492</subfield>
  </datafield>
  <datafield tag="952" ind1=" " ind2=" ">
    <subfield code="0">0</subfield>
    <subfield code="1">0</subfield>
    <subfield code="2">lcc</subfield>
    <subfield code="4">0</subfield>
    <subfield code="7">0</subfield>
    <subfield code="8">GC</subfield>
    <subfield code="a">KU</subfield>
    <subfield code="b">KU</subfield>
    <subfield code="d">2026-05-15</subfield>
    <subfield code="l">0</subfield>
    <subfield code="o">HC79 .Ln898 2017</subfield>
    <subfield code="p">0000000370</subfield>
    <subfield code="r">2026-05-15 10:28:48</subfield>
    <subfield code="t">1</subfield>
    <subfield code="w">2026-05-15</subfield>
    <subfield code="y">BOOK</subfield>
  </datafield>
  <datafield tag="952" ind1=" " ind2=" ">
    <subfield code="0">0</subfield>
    <subfield code="1">0</subfield>
    <subfield code="2">lcc</subfield>
    <subfield code="4">0</subfield>
    <subfield code="7">0</subfield>
    <subfield code="8">GC</subfield>
    <subfield code="a">KU</subfield>
    <subfield code="b">KU</subfield>
    <subfield code="d">2026-05-15</subfield>
    <subfield code="l">0</subfield>
    <subfield code="o">HC79 .Ln898 2017 c.2</subfield>
    <subfield code="p">0000000376</subfield>
    <subfield code="r">2026-05-15 10:32:27</subfield>
    <subfield code="t">2</subfield>
    <subfield code="w">2026-05-15</subfield>
    <subfield code="y">BOOK</subfield>
  </datafield>
  <datafield tag="952" ind1=" " ind2=" ">
    <subfield code="0">0</subfield>
    <subfield code="1">0</subfield>
    <subfield code="2">lcc</subfield>
    <subfield code="4">0</subfield>
    <subfield code="7">0</subfield>
    <subfield code="8">GC</subfield>
    <subfield code="a">KU</subfield>
    <subfield code="b">KU</subfield>
    <subfield code="d">2026-05-15</subfield>
    <subfield code="l">0</subfield>
    <subfield code="o">HC79 .Ln898 2017 c.3</subfield>
    <subfield code="p">0000000377</subfield>
    <subfield code="r">2026-05-15 10:32:45</subfield>
    <subfield code="t">3</subfield>
    <subfield code="w">2026-05-15</subfield>
    <subfield code="y">BOOK</subfield>
  </datafield>
  <datafield tag="952" ind1=" " ind2=" ">
    <subfield code="0">0</subfield>
    <subfield code="1">0</subfield>
    <subfield code="2">lcc</subfield>
    <subfield code="4">0</subfield>
    <subfield code="7">0</subfield>
    <subfield code="8">GC</subfield>
    <subfield code="a">KU</subfield>
    <subfield code="b">KU</subfield>
    <subfield code="d">2026-05-15</subfield>
    <subfield code="l">0</subfield>
    <subfield code="o">HC79 .Ln898 2017 c.4</subfield>
    <subfield code="p">0000000378</subfield>
    <subfield code="r">2026-05-15 10:33:10</subfield>
    <subfield code="t">4</subfield>
    <subfield code="w">2026-05-15</subfield>
    <subfield code="y">BOOK</subfield>
  </datafield>
  <datafield tag="952" ind1=" " ind2=" ">
    <subfield code="0">0</subfield>
    <subfield code="1">0</subfield>
    <subfield code="2">lcc</subfield>
    <subfield code="4">0</subfield>
    <subfield code="7">0</subfield>
    <subfield code="a">KU</subfield>
    <subfield code="b">KU</subfield>
    <subfield code="d">2026-05-15</subfield>
    <subfield code="l">0</subfield>
    <subfield code="o">HC79 .Ln898 2017 c.5</subfield>
    <subfield code="p">0000000379</subfield>
    <subfield code="r">2026-05-15 10:33:33</subfield>
    <subfield code="t">5</subfield>
    <subfield code="w">2026-05-15</subfield>
    <subfield code="y">BOOK</subfield>
  </datafield>
</record>
